000
00212nam a2200109Ia 4500
100
_a
#N/A
942
_c
BK
654
_a
ms windows
245
_a
MS Windows CE. NET 4.2
260
_b
#N/A
_c
2004
546
_a
ENGLISH
999
_c
22650
_d
22650